[Event "AUTO-BEG-236"]
[Site "http://www.queenalice.com/game.php?id=439782"]
[Date "2008.7.27"]
[Round "1"]
[White "dfalencar"]
[Black "bloodrayne"]
[Result "1-0"]
[WhiteElo "1412"]
[BlackElo "1311"]

1. e4 e5 2. Nf3 d6 3. Bc4 h6 4. O-O Bg4 5. h3 Bxf3 6. Qxf3 Qf6 7. Qxf6 Nxf6 8.
d3 Be7 9. Nc3 c6 10. a4 a5 11. Be3 O-O 12. Rad1 Nbd7 13. f3 Kh8 14. Rfe1 Nh5 15.
d4 f5 16. Be6 f4 17. Bxd7 fxe3 18. Rxe3 exd4 19. Rxd4 Rf4 20. Bg4 Nf6 21. Bf5
Nh5 22. Bg4 Ng3 23. Kf2 Bh4 24. Kg1 Be7 25. Ne2 Nxe2+ 26. Rxe2 d5 27. b3 1-0

[Event "AUTO-BEG-236"]
[Site "http://www.queenalice.com/game.php?id=439783"]
[Date "2008.7.27"]
[Round "1"]
[White "bloodrayne"]
[Black "dfalencar"]
[Result "0-1"]
[WhiteElo "1311"]
[BlackElo "1425"]

1. e4 e5 2. Bc4 Nf6 3. d3 Bc5 4. h3 O-O 5. Nf3 d6 6. a4 Nc6 7. c3 Be6 8. Nbd2 a6
9. b4 Ba7 10. O-O Bxc4 11. Nxc4 b5 12. axb5 axb5 13. Ne3 Bxe3 14. Rxa8 Qxa8 15.
Bxe3 h6 16. Nh4 Qb7 17. f4 Nd7 18. Qf3 exf4 19. Bxf4 Nce5 20. Bxe5 Nxe5 21. Qe3
c6 22. Nf5 Qd7 23. Rf4 Ra8 24. Kh2 Ng6 25. Rg4 Re8 26. Qd4 Re5 27. Qxd6 Qxd6 0-1

[Event "AUTO-BEG-236"]
[Site "http://www.queenalice.com/game.php?id=439796"]
[Date "2008.7.27"]
[Round "1"]
[White "bloodrayne"]
[Black "holeripla"]
[Result "0-1"]
[WhiteElo "1331"]
[BlackElo "1324"]

1. e4 Nf6 2. e5 Ne4 3. d4 Nc6 4. c3 d6 5. f3 Ng5 6. Bxg5 f6 7. exf6 exf6 8. Be3
Be7 9. Bd3 Be6 10. Ne2 O-O 11. Nf4 Bd7 12. O-O f5 13. Qb3+ Rf7 14. Bc4 Qf8 15.
Bxf7+ Qxf7 16. Qxf7+ Kxf7 17. Nd2 g5 18. Nd5 Rc8 19. Nxe7 Kxe7 20. Bxg5+ Kf7 21.
Rae1 Rg8 22. Bh4 f4 23. b4 Bf5 24. b5 Bd3 25. bxc6 Bxf1 26. Kxf1 bxc6 27. Re7+
Kf8 28. Rxc7 a5 29. Be7+ Kg7 30. Bxd6+ Kg6 31. Bxf4 Rf8 32. Rxc6+ Kf5 33. Bh6
Rf6 0-1

[Event "AUTO-BEG-236"]
[Site "http://www.queenalice.com/game.php?id=439797"]
[Date "2008.7.27"]
[Round "1"]
[White "holeripla"]
[Black "bloodrayne"]
[Result "1-0"]
[WhiteElo "1306"]
[BlackElo "1349"]

1. e4 e5 2. Nf3 d6 3. Qe2 c6 4. Nc3 Qf6 5. Qe3 Be6 6. d4 exd4 7. Nxd4 Be7 8. Bd3
Nd7 9. O-O Nh6 10. Qg3 Ne5 11. Be2 O-O 12. a4 a5 13. Rd1 Rad8 14. Bh5 Bg4 15.
Bxh6 Bxh5 16. Bf4 Bxd1 17. Nxd1 Ng6 18. Ne2 Nxf4 19. Nxf4 Qe5 20. Nc3 Bf6 21.
Re1 Bg5 22. Nd3 Qxg3 23. hxg3 Bd2 24. Re2 Bxc3 25. bxc3 f5 26. Kh2 g5 27. exf5
Rxf5 28. g4 Rf7 29. g3 b5 30. f4 gxf4 31. gxf4 bxa4 32. c4 1-0

[Event "AUTO-OPEN-1211"]
[Site "http://www.queenalice.com/game.php?id=440359"]
[Date "2008.7.28"]
[Round "1"]
[White "bloodrayne"]
[Black "GMNeny"]
[Result "0-1"]
[WhiteElo "1313"]
[BlackElo "2012"]

1. e4 c5 2. Bc4 Nc6 3. c3 e6 4. d3 Nf6 5. h3 Be7 6. Nf3 d5 7. exd5 exd5 8. Bb5
O-O 9. Bxc6 bxc6 10. O-O Rb8 11. Qa4 Qc7 12. Qc2 Bf5 13. Nh4 Be6 14. b3 Ne4 15.
dxe4 Bxh4 16. exd5 cxd5 17. g3 Bf6 18. Kh2 Qd7 19. h4 d4 20. cxd4 Bxd4 21. Bb2
Rfc8 22. Nc3 c4 23. bxc4 Rxc4 24. Rab1 Bf5 25. Qd2 Bxb1 26. Rxb1 Qf5 0-1

[Event "AUTO-OPEN-1211"]
[Site "http://www.queenalice.com/game.php?id=440360"]
[Date "2008.7.28"]
[Round "1"]
[White "GMNeny"]
[Black "bloodrayne"]
[Result "1-0"]
[WhiteElo "2010"]
[BlackElo "1315"]

1. e4 e5 2. Nf3 d6 3. d4 exd4 4. Qxd4 h6 5. Nc3 c6 6. Bc4 Be7 7. Bf4 Nf6 8.
O-O-O Bg4 9. Bxd6 Bxf3 10. gxf3 Bxd6 11. Qxd6 Qxd6 12. Rxd6 O-O 13. Rhd1 Nbd7
14. f4 Nc5 15. e5 Ng4 16. Rg1 Nxf2 17. Rxh6 a5 18. Rh5 b5 19. Be2 Nfe4 20. Nxe4
Nxe4 21. Bd3 Nc5 22. Bh7+ Kh8 23. Be4+ Kg8 24. Bxc6 b4 25. Bxa8 Rxa8 26. f5 a4
27. Rhg5 1-0

[Event "AUTO-OPEN-1211"]
[Site "http://www.queenalice.com/game.php?id=440361"]
[Date "2008.7.28"]
[Round "1"]
[White "bloodrayne"]
[Black "MPOVOA"]
[Result "1-0"]
[WhiteElo "1279"]
[BlackElo "1804"]

1. e4 c5 2. Bc4 d6 3. c3 Nc6 4. d3 Nf6 5. h3 e6 6. Nf3 a6 7. a4 Be7 8. Be3 Bd7
9. O-O O-O 10. Nbd2 Rb8 11. Ba2 1-0

[Event "AUTO-OPEN-1211"]
[Site "http://www.queenalice.com/game.php?id=440362"]
[Date "2008.7.28"]
[Round "1"]
[White "MPOVOA"]
[Black "bloodrayne"]
[Result "0-1"]
[WhiteElo "1774"]
[BlackElo "1309"]

1. e4 e5 2. Nf3 d6 3. d4 exd4 4. Nxd4 c6 5. Nc3 h6 6. Be3 Nf6 7. Be2 Be7 8. f4
O-O 9. O-O Be6 10. Qd2 b5 11. f5 Bd7 0-1

[Event "AUTO-OPEN-1211"]
[Site "http://www.queenalice.com/game.php?id=440363"]
[Date "2008.7.28"]
[Round "1"]
[White "bloodrayne"]
[Black "Warrior"]
[Result "0-1"]
[WhiteElo "1309"]
[BlackElo "2061"]

1. e4 c5 2. Bc4 Nc6 3. c3 g6 4. d3 Bg7 5. a4 Nf6 6. Nf3 d6 7. h3 O-O 8. O-O Nd7
9. Be3 Nde5 10. Na3 Nxf3+ 11. Qxf3 Ne5 12. Qg3 Nxc4 13. Nxc4 Bd7 14. d4 cxd4 15.
Bxd4 Bc6 16. Bxg7 Kxg7 17. Rae1 Bxa4 18. Kh2 Bb5 19. b3 Bxc4 20. bxc4 a5 21. e5
Kg8 22. f4 dxe5 23. Rxe5 e6 24. f5 a4 25. fxe6 fxe6 26. Rxf8+ Qxf8 27. Rxe6 Qb8
28. Qxb8+ Rxb8 29. c5 a3 30. c6 bxc6 31. Rxc6 Ra8 32. Rf6 a2 33. Rf1 a1=Q 34.
Rxa1 Rxa1 0-1

[Event "AUTO-OPEN-1211"]
[Site "http://www.queenalice.com/game.php?id=440364"]
[Date "2008.7.28"]
[Round "1"]
[White "Warrior"]
[Black "bloodrayne"]
[Result "1-0"]
[WhiteElo "2059"]
[BlackElo "1311"]

1. e4 e5 2. Nf3 d6 3. d4 exd4 4. Nxd4 Nf6 5. Nc3 c6 6. Be3 Be7 7. Qd2 O-O 8. f3
b5 9. O-O-O a5 10. g4 h6 11. h4 Nh7 12. Qf2 Bd7 13. Nf5 Bxf5 14. gxf5 Nd7 15.
Be2 Nhf6 16. Rdg1 Kh7 17. Qh2 Ne5 18. f4 Ned7 19. Bf3 Ra6 20. e5 Ne8 21. Be4 b4
22. f6+ g6 23. fxe7 Qxe7 24. Nd1 dxe5 25. f5 Nef6 26. fxg6+ fxg6 27. Rxg6 Nxe4
28. Rxh6+ Kg7 29. Rg1+ Kf7 30. Rh7+ Ke8 31. Rxe7+ Kxe7 32. Rg7+ Kd8 33. Bg5+
Nxg5 34. hxg5 c5 35. Qd2 1-0

[Event "AUTO-BEG-237"]
[Site "http://www.queenalice.com/game.php?id=441393"]
[Date "2008.7.30"]
[Round "1"]
[White "ribeiro_eb"]
[Black "bloodrayne"]
[Result "1-0"]
[WhiteElo "1406"]
[BlackElo "1307"]

1. e4 e5 2. Nf3 d6 3. Nc3 c6 4. d3 Bg4 5. Be2 h6 6. O-O Nf6 7. Be3 Be7 8. Ne1
Bxe2 9. Qxe2 O-O 10. Nf3 b5 11. b3 Nbd7 12. a4 b4 13. Nd1 a5 14. c3 c5 15. c4
Nh7 16. Nb2 f5 17. Nh4 Bxh4 18. g3 Be7 19. Rad1 f4 20. gxf4 exf4 21. Bd2 Ne5 22.
Kh1 1-0

[Event "AUTO-BEG-237"]
[Site "http://www.queenalice.com/game.php?id=441394"]
[Date "2008.7.30"]
[Round "1"]
[White "bloodrayne"]
[Black "ribeiro_eb"]
[Result "0-1"]
[WhiteElo "1295"]
[BlackElo "1418"]

1. e4 e5 2. Bc4 Nf6 3. d3 d6 4. h3 Qe7 5. Bg5 Be6 6. Nd2 Bxc4 7. Nxc4 Nbd7 8.
Nf3 O-O-O 9. O-O Qe6 10. c3 Be7 11. b4 h6 12. Bxf6 Bxf6 13. a4 d5 14. exd5 Qxd5
15. a5 e4 16. Ne3 Qe6 17. Nd4 Bxd4 18. cxd4 a6 19. dxe4 Rhe8 20. e5 f6 21. f4
Qc4 0-1

[Event "AUTO-BEG-237"]
[Site "http://www.queenalice.com/game.php?id=441411"]
[Date "2008.7.30"]
[Round "1"]
[White "mplandshark"]
[Black "bloodrayne"]
[Result "0-1"]
[WhiteElo "1064"]
[BlackElo "1339"]

1. e4 e5 2. Nf3 d6 3. d4 exd4 4. Nxd4 a6 5. Nc3 c6 6. Nf3 Bg4 7. Be2 Nf6 8. O-O
Be7 9. Bf4 Bxf3 10. Bxf3 O-O 11. Qe2 Nbd7 0-1

[Event "AUTO-BEG-237"]
[Site "http://www.queenalice.com/game.php?id=441412"]
[Date "2008.7.30"]
[Round "1"]
[White "bloodrayne"]
[Black "mplandshark"]
[Result "1-0"]
[WhiteElo "1344"]
[BlackElo "1059"]

1. e4 c5 2. Bc4 e6 3. d3 d5 4. exd5 exd5 5. Bb3 Nf6 6. h3 Nc6 7. c3 Be6 8. Nf3
Be7 9. O-O O-O 10. a4 c4 11. dxc4 1-0

[Event "Challenge"]
[Site "http://www.queenalice.com/game.php?id=480286"]
[Date "2008.10.20"]
[Round "-"]
[White "bloodrayne"]
[Black "cridio"]
[Result "0-1"]
[WhiteElo "1284"]
[BlackElo "1505"]

1. e4 e5 2. Bc4 Bc5 3. c3 Nh6 4. h3 Qf6 5. Qf3 Qxf3 6. Nxf3 Nc6 7. O-O d5 8.
exd5 Na5 9. Bd3 Bf5 10. Bxf5 Nxf5 11. b4 O-O-O 12. bxc5 Rxd5 13. Ba3 Rhd8 14.
Re1 e4 15. Rxe4 c6 16. Ra4 Re8 0-1